Diseño y producción de ayudas técnicas para personas con discapacidad en relación con los programas europeos
Saved in:
| Main Authors: | , , |
|---|---|
| Format: | Bog |
| Sprog: | spansk |
| Udgivet: |
Madrid
Instituto Nacional de Servicios Sociales
1992
|
| Udgivelse: | 1a. ed |
| Serier: | Documentos Técnicos, 71
|
| Fag: | |
| Tags: |
Tilføj Tag
Ingen Tags, Vær først til at tagge denne postø!
|
MARC
| LEADER | 00000nam a2200000 a 4500 | ||
|---|---|---|---|
| 001 | UCH9650 | ||
| 003 | CL-VaPUC | ||
| 005 | 20211126193717.0 | ||
| 008 | 100114e19920000sp 1 spa d | ||
| 020 | |a 9788436945850 | ||
| 082 | 0 | 4 | |a 371.9 |b GIL |2 21 |
| 100 | 1 | |a Gil de la Cruz, Pablo |e author |9 621495 | |
| 700 | 1 | |a González Abascal, Julio |e author |9 621496 | |
| 700 | 1 | |a Lobato Galindo, Manuel |e author |9 621497 | |
| 245 | 1 | 0 | |a Diseño y producción de ayudas técnicas para personas con discapacidad en relación con los programas europeos |
| 250 | |a 1a. ed | ||
| 260 | |a Madrid |b Instituto Nacional de Servicios Sociales |c 1992 | ||
| 300 | |a 159 p | ||
| 490 | 0 | |a Documentos Técnicos, 71 | |
| 583 | |a last modification |c 20190908 07:12:06 |k Rodrigo Vera | ||
| 650 | 0 | 0 | |a Educación especial |9 307486 |
| 650 | 0 | 7 | |a IMPEDIDOS |2 CL-VaPUC |9 309127 |
| 650 | 0 | 0 | |a Discapacidad |9 374444 |
| 650 | 0 | 7 | |a DISCAPACITADOS |2 CL-VaPUC |9 485708 |
| 651 | 0 | |a España |9 254926 | |
| 942 | |c BK | ||
| 945 | |a dcastane |d 20100114 00:00:00 | ||
| 546 | |a En Español | ||
| 536 | |a Ministerio de Asuntos Sociales | ||
| 518 | |p Seminario diseño y producción de ayudas técnicas para personas con discapacidad en relación con los programas europeos, 1, Madrid, 29-30 de abril de 1992 | ||
| 999 | |c 384486 |d 384484 | ||
| 952 | |0 0 |1 0 |4 0 |6 371_900000000000000_GIL_1992 |7 0 |8 A |9 507250 |a BIBEDU |b BIBEDU |c ES_NOD |d 2020-01-23 |i 4634071 |o 371.9 GIL 1992 |p 4634071 |r 2023-08-09 |w 2020-01-23 |y BK |k EPE | ||